REPRESENTACIONES COLECTIVAS Y PROYECTO DE MODERNIDAD/

BIBLIOGRAFIA: (P. 243-252)

Guardado en:
Detalles Bibliográficos
Autor principal: Beriain, Josetxo (autor)
Formato: Libro
Colección:AUTORES, TEXTOS Y TEMAS. HERMENEUSIS; 8
Temas:
Etiquetas: Agrega una etiqueta
Sin etiquetas, Sé el primero en etiquetar este registro!

MARC

LEADER 00000nam^a2200000^a^4500
001 000218002
005 20250521000000.0
009 20260310103737.889
020 |a 84-7658-219-6 
035 |a 040568 
037 |a Acervo Xavier Clavigero 
082 |a 306.  |b BER 
100 |a Beriain, Josetxo  |e (autor) 
245 1 0 |a REPRESENTACIONES COLECTIVAS Y PROYECTO DE MODERNIDAD/  |c JOSETXO BERIAIN 
264 |a BARCELONA :  |b ANTHROPOS,  |c 1990 
300 |a 255p. 
336 |a texto  |b txt  |2 rdacontenido 
337 |a sin mediación  |b n  |2 rdamedio 
338 |a volumen  |b nc  |2 rdasoporte 
440 |a AUTORES, TEXTOS Y TEMAS. HERMENEUSIS;  |v 8 
520 |a BIBLIOGRAFIA: (P. 243-252) 
649 |a XX 
650 |a Cultura 
650 |a POSTMODERNIDAD 
910 |a Fondo General 
920 |a Impresos - Libros 
930 |a Colección General 
905 |a 101 
901 |a 040568  |b IT1  |c ACC  |i 040568  |u 20250521 
902 |a https://opac.biblio.iteso.mx/vufind/Record/000218002